Adolf Benda a Adolf Lilie

Titel: Adolf Benda a Adolf Lilie : Dva pohledy na dějiny Jablonce nad Nisou
Verfasser:
Körperschaft:
In: Fontes Nissae, Band 6 (2005), Seite 24-37
alle Artikel anzeigen
Veröffentlicht: 2005
Format: Aufsatz
Sprache: Tschechisch
Schlagworte:
Kein Bild verfügbar
X
alg: 39333010
001A    $01999:12-11-16 
001B    $03025:23-05-24 $t13:54:57.000 
001D    $01999:12-11-16 
001U    $0utf8 
001X    $00 
002@    $0Aox 
003@    $0393330109 
007A    $0393330109 $aHEB 
007T    $0Herdpp099947 
010@    $acze 
011@    $a2005 
021A    $aAdolf Benda a Adolf Lilie $dDva pohledy na dějiny Jablonce nad Nisou 
028A    $aNová $dJana 
029F    $aps-2005-0020313 
031A    $d6 $h24-37 $j2005 
037A    $aRés. něm. s. 37: Adolf Benda und Adolf Lilie. Zwei Bearbeitungen der Geschichte von Jablonec nad Nisou 
039B    $aIn $8--Abvc--. Fontes Nissae. - Liberec, 2000-. - ISSN 1213-5097 $x200500000060000976 $910697646X 
044K    $71330421523 $8Benda, Adolf$Z1845-1878 [Tp3] $9518495140 
044K    $71019376007 $8Lilie, Adolf$Z1851-1912 [Tp1] $9288740130 
045T    $a7,41 

lok: 39333010 78

exp: 39333010 78 1 #EPN
201B/01 $022-02-19 $t22:32:15.000 
201U/01 $0utf8 
203@/01 $0789440490 
208@/01 $a12-11-16 $be 
209A/01 $a/ $f000 $x00 
220C/01 $aHerkunft: Hú Av Čr Praha 
244Z/01 $#Tschechien $#Tschechische Republik $#Tschechische Republik $#Tschechenland $#Tschechei Tschechien $#Česká Republika $#Czech Republic $#ČR $74303381-7 $8--Tg1--Tschechien $x01 $9086659812 
244Z/01 $2Trx $#Böhmen $#Bohemia $#Czechy $8--Trx--Čechy $x02 $9391188941 
244Z/01 $#Gablonz an der Neiße $#Jablonec Nisa $719871-7 $8--Tg1--Jablonec nad Nisou $x03 $9040301273 
244Z/01 $aGeschichte 1877-1895 $x04 
244Z/01 $aBenda Adolf 1845-1878 $x05 
244Z/01 $aLilie Adolf 1851-1912 $x06 
244Z/01 $2Trx $#linnad $#miestai $#towns $#városok $#miejscowości ogólnie $#dejiny miest $#dějiny měst $8--Trx--Städtewesen $x07 $9391381458 
244Z/01 $2Trx $#linnad $#miestai $#towns $#városok $#miejscowości ogólnie $#dejiny miest $#dějiny měst $8--Trx--Städtewesen $x08 $9391381458 
244Z/01 $2Trx $#historiograafia üldine $#istoriografija bendras $#Historiography $#történetírás általános $#historiografia ogólnie $#historiografia všeobecne $#historiografie všeobecně $#Geschichtsschreibung $#dejepis $8--Trx--Historiographie$gallgemein $x09 $9391362593 
244Z/01 $2Trx $#ajaloolased $#istorikai $#historians $#történészek $#historycy $#historici $#historici $8--Trx--Historiker $x10 $9391373544 
244Z/01 $2Trx $#kodu-uurimine $#kraštotyra $#Local geography and history $#regionális földrajz- és történelemkutatás $#regionalistyka $#vlastiveda $#vlastivěda $8--Trx--Heimatforschung $x11 $9391355872 
244Z/01 $2Trx $8--Trx--Zeitschriftenaufsatz $x12 $9391384341 
247C/01 $82080>Marburg/Lahn, Herder-Institut, Forschungsbibliothek, Bibliographieportal $9336309341
LEADER 00000caa a22000002c 4500
001 393330109
003 DE-603
005 20240523135457.0
007 tu
008 161112s2005 xx |||| | u00||u|cze c
035 |a (DE-599)HEB393330109 
040 |a DE-603  |b ger  |c DE-603  |d DE-603 
041 |a cze 
084 |a 7,41  |2 ssgn 
100 1 |a Nová, Jana 
245 0 0 |a Adolf Benda a Adolf Lilie  |b Dva pohledy na dějiny Jablonce nad Nisou 
264 0 |c 2005 
500 |a Rés. něm. s. 37: Adolf Benda und Adolf Lilie. Zwei Bearbeitungen der Geschichte von Jablonec nad Nisou 
600 1 7 |a Benda, Adolf  |d 1845-1878  |0 (DE-588)1330421523  |0 (DE-603)518495140  |2 gnd 
600 1 7 |a Lilie, Adolf  |d 1851-1912  |0 (DE-588)1019376007  |0 (DE-603)288740130  |2 gnd 
710 2 |a ps-2005-0020313 
773 0 8 |i In  |t Fontes Nissae  |d Liberec, 2000-  |x 1213-5097  |g Band 6 (2005), Seite 24-37  |w (DE-603)10697646X  |w (DE-600)2087527-7 
924 0 |9 2080  |a (DE-603)789440490  |b DE-2080  |c HES  |d d  |g /